| 000 | 01537nem0a2200301 4500 | ||
|---|---|---|---|
| 001 | RU\NLR\BIBL_A\011512691 | ||
| 005 | 20250626082726.0 | ||
| 035 | _a(NLR Aleph) 011512691 | ||
| 090 |
_a12056026 _c12056026 |
||
| 100 | _a20171102d2016 |||y0rusy50 ca | ||
| 101 | 0 | _arus | |
| 102 | _aRU | ||
| 120 | _abay xx|| | ||
| 123 | 1 |
_aа _b100000 |
|
| 200 | 1 |
_aГродненский район _bКарты _fСост. и подгот. к печати Республиканским унитарным предприятием "Белкартография" в 2003 г. Обновл. в 2016 г. _gред.: Г. Г. Науменко, И. И. Шилай _gгеогр. основа: Гос. комитет по имуществу Республики Беларусь |
|
| 206 | _a1:100 000, 1 км в 1 см | ||
| 210 |
_aМинск _cБелкартография _d2016 |
||
| 215 |
_a2 к. (1 л.) _cцв., ил., указ. _d88х59 см, 22х12 см |
||
| 300 | _aНа обороте л.: Гродно.-1:20 000 | ||
| 509 | 0 | 1 |
_7ca _aГродненский район _eБелоруссия _92637045 _3RU\NLR\AUTH\5506072 |
| 607 |
_aГродненский район (Белоруссия) _jКарты _92352255 _3RU\NLR\AUTH\6601628128 |
||
| 608 |
_aОбщегеографические карты мелкомасштабные _92622600 _3RU\NLR\AUTH\661559160 |
||
| 702 | 1 |
_aНауменко _bГ. Г. _4340 |
|
| 702 | 1 |
_aШилай _bИ. И. _4340 |
|
| 852 |
_aNLR _bК _j4-Евпл 3/1401 _m88824 |
||
| 942 | _cMAP | ||
| 980 | _aNB | ||